Los manipuladores del cerebro : (Registro nro. 34202)
[ vista simple ]
| 000 -CABECERA | |
|---|---|
| campo de control de longitud fija | 00875nam a2200229 a 4500 |
| 001 - NÚMERO DE CONTROL | |
| campo de control | 000034711 |
| 005 - FECHA Y HORA DE LA ÚLTIMA TRANSACCIÓN | |
| campo de control | 20200930073845.0 |
| 008 - DATOS DE LONGITUD FIJA--INFORMACIÓN GENERAL | |
| campo de control de longitud fija | 111019s1973 es 000 0 spa d |
| 020 ## - NÚMERO INTERNACIONAL ESTÁNDAR DEL LIBRO | |
| Número Internacional Estándar del Libro | 8420616990 |
| 040 ## - FUENTE DE LA CATALOGACIÓN | |
| Centro catalogador/agencia de origen | DO-SdBNP |
| Lengua de catalogación | spa |
| Centro/agencia transcriptor | BNPHU |
| 049 ## - FONDOS LOCALES (OCLC) | |
| Fondos de biblioteca | BNPD |
| 100 1# - ENTRADA PRINCIPAL--NOMBRE DE PERSONA | |
| Nombre de persona | Pines, Maya. |
| 9 (RLIN) | 60168 |
| 240 10 - TÍTULO UNIFORME | |
| Título uniforme | The brain changers. |
| Lenguaje de la obra | inglés |
| 245 14 - MENCIÓN DE TÍTULO | |
| Título | Los manipuladores del cerebro : |
| Resto del título | los científicos y el nuevo control de la mente / |
| Mención de responsabilidad, etc. | Maya Pines ; traductor, Natividad Sánchez Sainz-Trápaga. |
| 250 ## - MENCIÓN DE EDICIÓN | |
| Mención de edición | 3a ed. |
| 260 ## - PUBLICACIÓN, DISTRIBUCIÓN, ETC. | |
| Lugar de publicación, distribución, etc. | Madrid : |
| Nombre del editor, distribuidor, etc. | Alianza Editorial, |
| Fecha de publicación, distribución, etc. | 1973. |
| 300 ## - DESCRIPCIÓN FÍSICA | |
| Extensión | 277 p. ; |
| Dimensiones | 19 cm. |
| 490 1# - MENCIÓN DE SERIE | |
| Mención de serie | Libro de bolsillo |
| -- | Sección Ciencia y técnica |
| Designación de volumen o secuencia | 699 |
| 590 ## - NOTA LOCAL (RLIN) | |
| Nota local | Perteneció a la biblioteca personal de Juan Isidro Jimenes Grullón. |
| 700 12 - PUNTO DE ACCESO ADICIONAL--NOMBRE DE PERSONA | |
| Nombre de persona | Sánchez Sainz, Natividad |
| Término indicativo de función/relación | tr. |
| 9 (RLIN) | 60169 |
| 830 #0 - PUNTO DE ACCESO ADICIONAL DE SERIE-TÍTULO UNIFORME | |
| Título uniforme | Libro de bolsillo |
| Nombre de parte o sección de la obra | Sección Ciencia y técnica |
| Designación de volumen o secuencia | 699 |
| 9 (RLIN) | 60170 |
| Estado de retiro | Estado de pérdida | Restricciones de uso | No para préstamo | Código de colección | Localización permanente | Ubicación/localización actual | Ubicación en estantería | Fecha de adquisición | Número de inventario | Total de préstamos | Signatura topográfica completa | Código de barras | Fecha visto por última vez | Precio válido a partir de | Tipo de ítem Koha |
|---|---|---|---|---|---|---|---|---|---|---|---|---|---|---|---|
| Excluido de préstamo | Monografías: Libros y Folletos | General | General | En catalogación | 19.10.2011 | LF1 | 34711-10 | 25.06.2020 | 25.06.2020 | No se presta |
